| 000 | 00826nam a2200217 c 4500 | ||
|---|---|---|---|
| 001 | 190460 | ||
| 003 | ES-MaACL | ||
| 005 | 20260214063019.0 | ||
| 008 | 210330s2018 sp a 001 0 spa | ||
| 020 | _a978-84-7884-750-1 | ||
| 080 | _a323.25-057.87(44)"1968" | ||
| 100 | 1 |
_aAguado Hernández, Felipe, _d1946- _918621 |
|
| 245 | 1 | 0 |
_aMayo-68 : _blas nuevas formas de la revolución / _cFelipe Aguado Hernández. |
| 264 | 1 |
_aMadrid : _bEditorial Popular, _c[2018] |
|
| 300 |
_a177 p. : _bil. col. y n. ; _c21 cm. |
||
| 504 | _aBibliografía: p. [171]-177. | ||
| 651 | 7 |
_aFrancia- _xHistoria- _y1968, Movimientos estudiantiles. _9162957 |
|
| 852 | 4 |
_aES-MaACL _jA-14661 _9197637 _bR.152292 _cDEPO1 _dOlim: N-7661 _hDonación: Editorial |
|
| 942 |
_2udc _cMONOGRAFIA |
||
| 999 |
_c190460 _d190460 |
||